00728pam a2200229 a 4500001000800000005001700008008004100025010001700066020002200083040001800105041000800123080001500131082001900146100000700165101000800172245008200180504006400262906004500326942001200371999001700383952009800400254302320180129051243.0940816s1994 nhua b 001 0 eng  a 94035141  a043508366X (pbk.) aDLCcDLCdDLC aeng a510.7 REC00a510.7 REC2201 a38 aMAT10aLanguage in the mathematics classroom :cRachel Griffiths and Margaret Clyne. aIncludes bibliographical references (p. 149-153) and index. a7bcbccorignewd1eocipf19gy-gencatlg 2ddccBK c41141d41141 00102ddc4070a002b002d2018-01-29l0o510.7 RECp002-2996981r2018-01-29w2018-01-29yBK